Land Locked Countries - Statistics

General Stats
  • This quiz has been taken 309 times
    282 since last reset
  • The average score is 30 of 45
Answer Stats
Continent Answer % Correct
South America Bolivia
84%
Africa Chad
82%
Asia Mongolia
82%
Europe Switzerland
82%
Europe Austria
80%
South America Paraguay
78%
Europe Andorra
77%
Asia Nepal
75%
Europe Hungary
72%
Africa Mali
72%
Africa Niger
72%
Europe Slovakia
72%
Africa Rwanda
71%
Africa Lesotho
70%
Europe Luxembourg
70%
Europe San Marino
70%
Europe Serbia
70%
Europe Belarus
69%
Asia Uzbekistan
69%
Asia Bhutan
68%
Europe Czech Republic
68%
Africa Botswana
67%
Europe Kosovo
67%
Africa South Sudan
67%
Asia Afghanistan
66%
Africa Burundi
65%
Europe Moldova
63%
Asia Tajikistan
63%
Africa Zimbabwe
63%
Asia Turkmenistan
62%
Africa Zambia
62%
Asia Armenia
61%
Africa Uganda
61%
Africa Burkina Faso
60%
Asia Kazakhstan
59%
Asia Laos
59%
Europe Liechtenstein
59%
Africa Malawi
56%
Europe Vatican City
55%
Africa Central African Republic
54%
Asia Azerbaijan
53%
Asia Kyrgyzstan
53%
Africa Ethiopia
52%
Europe Macedonia
47%
Africa Swaziland
44%
No matching quizzes found
Score Distribution
Percent of People with Each Score
Percentile by Number Answered
Your Score History
You have not taken this quiz since the last reset